| 000 | 00491nam a2200181Ia 4500 | ||
|---|---|---|---|
| 005 | 20250508152443.0 | ||
| 008 | 008 250505s9999 xx 000 0 eng d | ||
| 037 | _aTextual | ||
| 040 |
_aFEDL _beng _cFEDL |
||
| 041 |
_aeng _2eng |
||
| 084 |
_a294.553, SIN _qFEDL |
||
| 100 | _aSohan Singh | ||
| 245 | 0 | _aSeeker's path | |
| 260 |
_aBombay, India _bOrient Longman Pvt. Ltd. _c1959 |
||
| 300 | _axxiii,109p. | ||
| 942 |
_cTEXL _h294.553, SIN |
||
| 999 |
_c1336518 _d1336518 |
||